Nước Mỹ
Zapisane w:
| Format: | Książka |
|---|---|
| Etykiety: |
Dodaj etykietę
Nie ma etykietki, Dołącz pierwszą etykiete!
|
| Thư viện lưu trữ: | Mạng thư viện Đại học Đà Nẵng |
|---|
| LEADER | 00481nam a2200193 4500 | ||
|---|---|---|---|
| 001 | 000008904 | ||
| 003 | 5097 | ||
| 005 | 20150812140825.0 | ||
| 008 | 111021s sd | ||
| 245 | 0 | 0 | |a Nước Mỹ |
| 774 | |d H. |d Sự thật |d 1979 |g Tập 2 |h 281tr |w 5102 | ||
| OWN | |a LSP | ||
| 999 | |a From the UDN01 | ||
| TYP | |a Monograph | ||
| TYP | |a Printed language | ||
| 980 | |a Mạng thư viện Đại học Đà Nẵng | ||